|
|
|
|
| LEADER |
00792cam a2200205 a 4500 |
| 008 |
980311s1998 ilua 000 0 eng |
| 999 |
|
|
|c 113042
|d 113042
|
| 010 |
|
|
|a 98016560
|
| 020 |
|
|
|a 088011715X (pbk.)
|
| 082 |
0 |
0 |
|a 796.357
|2 21
|
| 100 |
1 |
|
|a Joseph, Jacquie,
|
| 245 |
1 |
0 |
|a Defensive softball drills /
|c Jacquie Joseph.
|
| 260 |
|
|
|a U S A :
|b Human Kinetics,
|c 1998.
|
| 300 |
|
|
|a x, 181 p. :
|b ill. ;
|c 23 cm.
|
| 650 |
|
0 |
|a Softball
|x Coaching.
|
| 650 |
|
0 |
|a Softball
|x Training.
|
| 942 |
|
|
|c BK
|
| 906 |
|
|
|a 7
|b cbc
|c orignew
|d 1
|e ocip
|f 19
|g y-gencatlg
|
| 955 |
|
|
|a pc05 to sa00 03-11-98; sj11 03-12-98; sj10 03-12-98; sj04 03-13-98; CIP ver. sj03 06-18-98
|
| 952 |
|
|
|0 0
|1 0
|4 0
|6 796_357000000000000_JOS_D
|7 0
|9 119790
|a UL
|b UL
|c ST1
|d 2016-12-08
|e 176
|g 984.53
|l 0
|o 796.357 JOS/D
|p 94974
|r 2016-12-07
|v 1406.48
|y BK
|